00215nam a2200085Ia 4500008004100000100002000041245004500061260001400106260000900120170617s9999 xx 000 0 und d aBehl- Srivastwa 0aHerbs useful in Dermato logical Theraphy bC B S Pub c2002